Statistiques concernant Trouve les paroles - Requiem pour un fou - Johnny Hallyday

Cliquez ici pour prendre le quiz!

Statistiques générales

  • Ce quiz a été pris 63 fois
  • Le résultat moyen est 211 sur 243

Statistiques - réponses

Réponse% Correct
Je
100%
je
100%
à
98%
À
98%
a
98%
de
98%
la
98%
La
98%
le
98%
Le
98%
ma
98%
Ma
98%
Un
98%
un
98%
ce
96%
Elle
96%
elle
96%
fait
96%
l'ai
96%
ne
96%
ou
96%
pas
96%
que
96%
Que
96%
tue
96%
tuée
96%
celui
94%
Qui
94%
qui
94%
sa
94%
se
94%
vous
94%
et
92%
Et
92%
ferai
92%
Les
92%
les
92%
me
92%
Mon
92%
mon
92%
n'approchez
92%
sans
92%
Si
92%
vie
92%
cadeau
90%
fou
90%
garder
90%
mais
90%
moi
90%
Pour
90%
pour
90%
préviens
90%
soyez
90%
amour
88%
d'amour
88%
flics
88%
plus
88%
son
88%
au
87%
bonne
87%
bouche
87%
curé
87%
faire
87%
heure
87%
Il
87%
ils
87%
n'est
87%
n'étais
87%
par
87%
qu'un
87%
aillent
85%
âme
85%
Diable
85%
dites
85%
Dites
85%
donnerai
85%
est
85%
fusils
85%
laissez
85%
pasteur
85%
ses
85%
tous
85%
vos
85%
yeux
85%
corps
83%
grand
83%
nuit
83%
passé
83%
Qu'ailleurs
83%
suis
83%
tant
83%
vendre
83%
braqués
81%
cette
81%
coeur
81%
Éteignez
81%
l'aimais
81%
projecteurs
81%
quoi
81%
toujours
81%
baissez
79%
qu'il
79%
vais
79%
badauds
77%
c'était
77%
faut
77%
l'aube
77%
meurt
77%
Non
77%
servirait
75%
chiens
73%
ciel
73%
jour
73%
ont
73%
vive
73%
faim
71%
lève
71%
matin
69%
m'envoler
69%
sonner
69%
l'heure
63%
mourir
63%
bête
62%
C'est
62%
chasseurs
62%
doit
62%
prendre
62%
veux
62%
prêt
60%
volets
58%
ouvrir
54%
pâlit
54%
près
54%
d'elle
52%
l'hallali
52%
m'endormir
52%
pauvre
52%
Crevez-moi
38%

Distribution des résultats

Percentile par nombre de réponses

% des personnes avec chaque résultat

Votre développement - résultats

Vous n’avez pas pris ce quiz